Africa in social change

Đã lưu trong:
書目詳細資料
主要作者: Davidson, Basil
格式: 圖書
語言:Undetermined
出版: England Penguin Books 1967
標簽: 添加標簽
沒有標簽, 成為第一個標記此記錄!
Thư viện lưu trữ: Trung tâm Học liệu Trường Đại học Cần Thơ
LEADER 00432nam a2200169Ia 4500
001 CTU_77950
008 210402s9999 xx 000 0 und d
082 |a 309.166 
082 |b D252 
100 |a Davidson, Basil 
245 0 |a Africa in social change 
245 0 |c Basil Davidson 
260 |a England 
260 |b Penguin Books 
260 |c 1967 
904 |i Mai Loan 
980 |a Trung tâm Học liệu Trường Đại học Cần Thơ